[Event "Florianopolis Winter op 5th"]
[Site "Florianopolis"]
[Date "2019.09.01"]
[Round "6"]
[White "Blanco, Marcos"]
[Black "De Carvalho, Christopher"]
[Result "1-0"]
[WhiteElo "1995"]
[BlackElo "2104"]
[PlyCount "61"]
[EventDate "2019.08.30"]
[EventType "swiss"]
[EventRounds "7"]
[EventCountry "BRA"]
[SourceTitle "EXT 2020"]
[Source "ChessBase"]
[SourceDate "2019.10.17"]
[SourceVersion "1"]
[SourceVersionDate "2019.10.17"]
[SourceQuality "1"]

1. e4 e5 2. Nf3 Nc6 3. Bb5 a6 4. Bxc6 dxc6 5. 0-0 Bg4 6. d3 f6 7. Be3 c5 8. Nbd2 Bd6 9. a4 Ne7 10. a5 0-0 11. h3 Be6 12. Nc4 b5 13. axb6 cxb6 14. Nxd6 Qxd6 15. Qe2 Nc6 16. c3 Rfd8 17. Rfd1 Qc7 18. d4 cxd4 19. cxd4 exd4 20. Nxd4 Nxd4 21. Rxd4 Rxd4 22. Bxd4 b5 23. Bc3 Bc4 24. Qg4 Qe7 25. e5 fxe5 26. Re1 Qf7 27. Rxe5 Rf8 28. Rf5 h5 29. Rxf7 hxg4 30. Rxg7+ Kh8 31. hxg4 1-0

[Event "Rio Grande op 19th"]
[Site "Rio Grande"]
[Date "2019.07.08"]
[Round "6"]
[White "Blanco, Marcos"]
[Black "Alonso, Salvador"]
[Result "0-1"]
[WhiteElo "2027"]
[BlackElo "2500"]
[PlyCount "60"]
[EventDate "2019.07.05"]
[EventType "swiss"]
[EventRounds "7"]
[EventCountry "ARG"]
[SourceTitle "EXT 2020"]
[Source "ChessBase"]
[SourceDate "2019.10.17"]
[SourceVersion "1"]
[SourceVersionDate "2019.10.17"]
[SourceQuality "1"]

1. e4 c5 2. Nf3 Nc6 3. Bb5 e6 4. 0-0 Nge7 5. c3 a6 6. Ba4 c4 7. d4 cxd3 8. Qxd3 b5 9. Bc2 Ng6 10. Nbd2 Qc7 11. Nb3 Be7 12. Nfd4 Bd6 13. g3 Nge5 14. Qe2 Bb7 15. f4 Nc4 16. a4 Qb6 17. axb5 axb5 18. Rxa8+ Bxa8 19. Rf2 0-0 20. Qh5 Nxd4 21. cxd4 g6 22. Qe2 Rc8 23. g4 Na5 24. Nxa5 Qxa5 25. f5 Bf8 26. fxg6 fxg6 27. Rf1 Bg7 28. Be3 Qb4 29. Qd3 Qxb2 30. Rf2 Rc3 0-1

[Event "Rio Grande op 19th"]
[Site "Rio Grande"]
[Date "2019.07.08"]
[Round "5"]
[White "Blanco, Marcos"]
[Black "Zsilavecz, Daniel"]
[Result "1-0"]
[WhiteElo "2027"]
[BlackElo "1657"]
[PlyCount "73"]
[EventDate "2019.07.05"]
[EventType "swiss"]
[EventRounds "7"]
[EventCountry "ARG"]
[SourceTitle "EXT 2020"]
[Source "ChessBase"]
[SourceDate "2019.10.17"]
[SourceVersion "1"]
[SourceVersionDate "2019.10.17"]
[SourceQuality "1"]

1. e4 c5 2. Nf3 g6 3. c3 Bg7 4. d4 b6 5. Bb5 a6 6. Ba4 b5 7. Bc2 cxd4 8. cxd4 d6 9. 0-0 Nf6 10. Qe2 0-0 11. Rd1 Bb7 12. e5 Nd5 13. e6 f6 14. Be4 Qb6 15. Bd2 a5 16. Na3 b4 17. Nc4 Qb5 18. Rac1 Na6 19. Bd3 Qa4 20. b3 Qe8 21. Nxa5 Bc8 22. Bb5 Qd8 23. Bc6 Qxa5 24. Bxa8 Nac7 25. Bxd5 Nxd5 26. Rc2 g5 27. Rdc1 Bb7 28. h3 Qb6 29. Qd3 Ba6 30. Qf5 Bb7 31. Kh2 Ra8 32. h4 h6 33. hxg5 hxg5 34. Kg3 Nc3 35. Bxc3 bxc3 36. Rxc3 Re8 37. Qg6 1-0

[Event "Rio Grande op 19th"]
[Site "Rio Grande"]
[Date "2019.07.06"]
[Round "3"]
[White "Blanco, Marcos"]
[Black "Ortiz, Francisco"]
[Result "0-1"]
[WhiteElo "2027"]
[BlackElo "1603"]
[PlyCount "96"]
[EventDate "2019.07.05"]
[EventType "swiss"]
[EventRounds "7"]
[EventCountry "ARG"]
[SourceTitle "EXT 2020"]
[Source "ChessBase"]
[SourceDate "2019.10.17"]
[SourceVersion "1"]
[SourceVersionDate "2019.10.17"]
[SourceQuality "1"]

1. e4 c5 2. Nf3 d6 3. Bb5+ Bd7 4. Bxd7+ Qxd7 5. 0-0 g6 6. c3 Bg7 7. Qe2 Nc6 8. Rd1 e6 9. d4 cxd4 10. cxd4 Nge7 11. Nc3 d5 12. Bg5 0-0 13. e5 h6 14. Bf6 Bxf6 15. exf6 Nf5 16. g4 Nd6 17. h4 Qd8 18. g5 Nf5 19. Qd2 Rc8 20. h5 Na5 21. Ne2 Nc4 22. Qf4 Nxb2 23. Rd2 Nc4 24. Rc2 Qd6 25. Qh2 Qxh2+ 26. Kxh2 Ne5 27. Ne1 Rxc2 28. Nxc2 Nf3+ 29. Kh3 Nxg5+ 30. Kg4 Ne4 31. hxg6 fxg6 32. Nf4 Nxf6+ 33. Kh3 Kf7 34. Re1 Ne4 35. Nd3 Ke7 36. Re2 Ng5+ 37. Kg2 Nh4+ 38. Kf1 Nhf3 39. Nc5 b6 40. Nb3 h5 41. Ne3 Kd6 42. Nd1 h4 43. Nc3 a6 44. Na4 h3 45. Nxb6 h2 46. Kg2 Rf4 47. Nc8+ Kc7 48. Rc2+ Kb8 0-1

[Event "Buenos Aires Szmetan Giardelli op"]
[Site "Buenos Aires"]
[Date "2018.12.12"]
[Round "9"]
[White "Blanco, Marcos"]
[Black "Quiroga, Facundo"]
[Result "0-1"]
[WhiteElo "2055"]
[BlackElo "2277"]
[PlyCount "50"]
[EventDate "2018.12.04"]
[EventType "swiss"]
[EventRounds "9"]
[EventCountry "ARG"]
[SourceTitle "EXT 2024"]
[Source "ChessBase"]
[SourceDate "2023.10.10"]
[SourceVersion "1"]
[SourceVersionDate "2023.10.10"]
[SourceQuality "1"]

1. e4 c5 2. Nf3 d6 3. Bb5+ Bd7 4. Bxd7+ Qxd7 5. 0-0 Nc6 6. b3 Nf6 7. Qe2 g6 8. Bb2 Bg7 9. Rd1 0-0 10. c3 Rac8 11. Na3 Qg4 12. d3 Ne5 13. Kh1 Nxf3 14. gxf3 Qh3 15. Rg1 Nh5 16. Qe3 Bh6 17. Qe2 Nf4 18. Qe3 Ne6 19. Qe2 Bf4 20. Rg3 Bxg3 21. fxg3 f5 22. Nc4 f4 23. Qg2 Qxg2+ 24. Kxg2 b5 25. Nd2 a5 0-1

[Event "Buenos Aires Szmetan Giardelli op"]
[Site "Buenos Aires"]
[Date "2018.12.10"]
[Round "7"]
[White "Blanco, Marcos"]
[Black "Sunye Neto, Jaime"]
[Result "0-1"]
[WhiteElo "2055"]
[BlackElo "2473"]
[PlyCount "114"]
[EventDate "2018.12.04"]
[EventType "swiss"]
[EventRounds "9"]
[EventCountry "ARG"]
[SourceTitle "CBM 187 Extra"]
[Source "ChessBase"]
[SourceDate "2018.11.04"]
[SourceVersion "1"]
[SourceVersionDate "2018.11.04"]
[SourceQuality "1"]

1. e4 c5 2. Nf3 d6 3. Bb5+ Nd7 4. b3 e5 5. c3 Ngf6 6. Qe2 b6 7. Bd3 Be7 8. Bc2 0-0 9. 0-0 Re8 10. Rd1 Bf8 11. d3 h6 12. Nbd2 b5 13. Nf1 d5 14. Ng3 g6 15. c4 d4 16. a3 Kh7 17. Bd2 Bb7 18. Rdb1 b4 19. a4 Bd6 20. h3 Nf8 21. Nh2 Ne6 22. Bd1 Nf4 23. Qf1 Ng8 24. Bf3 Be7 25. Rd1 Bg5 26. Be1 h5 27. Ne2 Bc8 28. Nxf4 Bxf4 29. g3 Bh6 30. Bg2 h4 31. Nf3 hxg3 32. fxg3 Rb8 33. Qe2 Be3+ 34. Bf2 Bxf2+ 35. Qxf2 Nh6 36. Qd2 Kg7 37. Rf1 f6 38. Rf2 Rh8 39. Raf1 Nf7 40. Nh4 Ng5 41. Kh2 Be6 42. Rh1 Rh7 43. Qc1 Qd7 44. Qf1 Qe7 45. Kg1 Qd7 46. Rh2 Rbh8 47. Rh1 Qc8 48. Rh2 Qd8 49. Rh1 Rh6 50. Rh2 Bd7 51. Rh1 R6h7 52. Rh2 Rxh4 53. gxh4 Rxh4 54. Rh1 Ne6 55. Rf3 Nf4 56. Qf2 Qh8 57. Qg3 Ne2+ 0-1

[Event "General Pico 113 Anniv sf U1700/2300"]
[Site "General Pico"]
[Date "2018.11.03"]
[Round "3.1"]
[White "Rodriguez Vila, Andres"]
[Black "Blanco, Marcos"]
[Result "1-0"]
[WhiteElo "2482"]
[BlackElo "2043"]
[PlyCount "85"]
[EventDate "2018.11.02"]
[EventType "swiss"]
[EventRounds "6"]
[EventCountry "ARG"]
[SourceTitle "EXT 2024"]
[Source "ChessBase"]
[SourceDate "2023.10.10"]
[SourceVersion "1"]
[SourceVersionDate "2023.10.10"]
[SourceQuality "1"]

1. e4 e5 2. Nf3 Nc6 3. Bc4 Bc5 4. 0-0 Nf6 5. d3 d6 6. c3 Bb6 7. a4 a6 8. Na3 0-0 9. Bg5 Bg4 10. Nc2 Bh5 11. Ne3 Nb8 12. Bxf6 Qxf6 13. Nd5 Qd8 14. Nxb6 cxb6 15. Re1 Qc7 16. Re3 Nd7 17. h3 Nc5 18. Bd5 Ne6 19. Qb3 Nf4 20. Bc4 Kh8 21. Kh2 Rae8 22. g3 Ne6 23. Nh4 Nc5 24. Qb4 Bg6 25. Bd5 Nd7 26. Qc4 Qb8 27. Rf1 Nf6 28. Nxg6+ fxg6 29. Be6 Re7 30. Qb3 Nd7 31. Bd5 Qc7 32. f4 Nc5 33. Qd1 Ree8 34. Ref3 Nd7 35. fxe5 dxe5 36. Rf7 Qd6 37. Rxf8+ Rxf8 38. Rxf8+ Qxf8 39. Kg2 Qe8 40. b4 Qc8 41. Qb3 Nf6 42. Qc4 Qxc4 43. dxc4 1-0

[Event "Caioba Telecom op"]
[Site "Caioba"]
[Date "2018.08.03"]
[Round "5"]
[White "Blanco, Marcos"]
[Black "Salvadego, Matheus Henrique De"]
[Result "1-0"]
[WhiteElo "2068"]
[BlackElo "1817"]
[PlyCount "85"]
[EventDate "2018.08.01"]
[EventType "swiss"]
[EventRounds "9"]
[EventCountry "BRA"]
[SourceTitle "CBM 186 Extra"]
[Source "ChessBase"]
[SourceDate "2018.08.24"]
[SourceVersion "1"]
[SourceVersionDate "2018.08.24"]
[SourceQuality "1"]

1. e4 e6 2. d4 d5 3. Nd2 Nf6 4. e5 Nfd7 5. Ngf3 c5 6. c3 Nc6 7. Bd3 Qb6 8. Qe2 cxd4 9. cxd4 Nxd4 10. Nxd4 Qxd4 11. Nf3 Bb4+ 12. Kf1 Qb6 13. h4 a6 14. Kg1 Bc5 15. Rh3 Nf8 16. h5 Bd7 17. h6 gxh6 18. Bxh6 Bb5 19. Ng5 Bxd3 20. Rxd3 Ng6 21. Rf3 Rg8 22. Rxf7 Be7 23. Rxh7 Nf4 24. Qf3 Bxg5 25. Bxg5 Rxg5 26. Qxf4 Rf5 27. Rh8+ Kd7 28. Qa4+ Ke7 29. Qh4+ Kd7 30. Rxa8 Qxb2 31. Qd8+ Kc6 32. Rc8+ Kb5 33. Qd7+ Ka5 34. Qc7+ Ka4 35. Qc2+ Qxc2 36. Rxc2 Rxe5 37. Kf1 b5 38. Re1 Rxe1+ 39. Kxe1 b4 40. g4 d4 41. g5 d3 42. Rd2 a5 43. Rxd3 1-0

[Event "ARG-ch sf U2300"]
[Site "General Pico"]
[Date "2018.05.12"]
[Round "3.1"]
[White "Estanguet, Franco"]
[Black "Blanco, Marcos"]
[Result "1/2-1/2"]
[WhiteElo "2148"]
[BlackElo "2066"]
[PlyCount "40"]
[EventDate "2018.05.12"]
[EventType "swiss"]
[EventRounds "6"]
[EventCountry "ARG"]
[SourceTitle "EXT 2024"]
[Source "ChessBase"]
[SourceDate "2023.10.10"]
[SourceVersion "1"]
[SourceVersionDate "2023.10.10"]
[SourceQuality "1"]

1. c4 Nf6 2. Nc3 e6 3. d4 Bb4 4. Qc2 0-0 5. Nf3 b6 6. Bg5 Bb7 7. Nd2 d6 8. a3 Bxc3 9. Qxc3 Nbd7 10. e3 Qe8 11. f3 e5 12. d5 h6 13. Bh4 Nh7 14. Bf2 g5 15. b3 f5 16. h3 Nhf6 17. g4 Bc8 18. Rg1 f4 19. e4 Nc5 20. Be2 Qg6 1/2-1/2

[Event "Villa Martelli op-B 21st"]
[Site "Villa Martelli"]
[Date "2014.11.15"]
[Round "8"]
[White "Blanco, Marcos"]
[Black "Ibar, Marcelo Rodolfo"]
[Result "1/2-1/2"]
[WhiteElo "2030"]
[BlackElo "2114"]
[PlyCount "120"]
[EventDate "2014.11.07"]
[EventType "swiss"]
[EventRounds "9"]
[EventCountry "ARG"]
[SourceTitle "CBM 163 Extra"]
[Source "ChessBase"]
[SourceDate "2014.12.23"]
[SourceVersion "1"]
[SourceVersionDate "2014.12.23"]
[SourceQuality "1"]

1. e4 c5 2. Nf3 g6 3. c3 Bg7 4. d4 cxd4 5. cxd4 d5 6. exd5 Qxd5 7. Nc3 Qa5 8. Bc4 e6 9. 0-0 Nf6 10. d5 0-0 11. dxe6 Bxe6 12. Bxe6 fxe6 13. Qb3 Nbd7 14. Qxe6+ Kh8 15. Ng5 h6 16. Qh3 Rae8 17. Ne6 Rf7 18. Nxg7 Rxg7 19. Be3 h5 20. Bd4 Kg8 21. Rae1 Rge7 22. Rxe7 Rxe7 23. Qd3 Kh7 24. Qb5 Qxb5 25. Nxb5 a6 26. Nc3 b5 27. a3 Re6 28. f3 Nb6 29. b3 Nbd5 30. Rd1 Nxc3 31. Bxc3 Rc6 32. Rd3 Kg8 33. Bxf6 Rxf6 34. Rd7 Rc6 35. Ra7 h4 36. f4 Rf6 37. g3 hxg3 38. hxg3 Rc6 39. Kg2 b4 40. axb4 Rb6 41. Kh3 Rxb4 42. Rxa6 Kg7 43. Ra3 Kh6 44. Kg4 Rb5 45. Kh4 Rb4 46. Kh3 Rb5 47. g4 Rb4 48. Kg3 Kg7 49. Ra7+ Kg8 50. Kh4 Rxf4 51. Rb7 Rd4 52. Kg5 Kf8 53. b4 Rc4 54. b5 Rb4 55. b6 Ke8 56. Rb8+ Kf7 57. Rb7+ Ke8 58. Rb8+ Kf7 59. Kh6 Rxg4 60. Rb7+ Kf6 1/2-1/2

[Event "Villa Martelli op-B 21st"]
[Site "Villa Martelli"]
[Date "2014.11.09"]
[Round "3"]
[White "Fernandez, Maria Florencia"]
[Black "Blanco, Marcos"]
[Result "1-0"]
[WhiteElo "2219"]
[BlackElo "2030"]
[PlyCount "47"]
[EventDate "2014.11.07"]
[EventType "swiss"]
[EventRounds "9"]
[EventCountry "ARG"]
[SourceTitle "CBM 163 Extra"]
[Source "ChessBase"]
[SourceDate "2014.12.23"]
[SourceVersion "1"]
[SourceVersionDate "2014.12.23"]
[SourceQuality "1"]

1. d4 Nf6 2. c4 e6 3. Nc3 Bb4 4. e3 c5 5. d5 0-0 6. Bd3 exd5 7. cxd5 d6 8. Nge2 Nbd7 9. 0-0 Re8 10. a3 Bxc3 11. Nxc3 Ne5 12. h3 Bd7 13. Re1 Nxd3 14. Qxd3 b5 15. Nxb5 Ne4 16. Nc3 Bf5 17. f3 Qh4 18. Qf1 Nxc3 19. bxc3 Bd3 20. Qf2 Qxf2+ 21. Kxf2 f5 22. g4 g6 23. c4 Rab8 24. e4 1-0

[Event "Buenos Aires CC Argentino op"]
[Site "Buenos Aires"]
[Date "2014.04.30"]
[Round "2"]
[White "Tokman, Ariel"]
[Black "Blanco, Marcos"]
[Result "1-0"]
[WhiteElo "2309"]
[BlackElo "2045"]
[PlyCount "133"]
[EventDate "2014.04.24"]
[EventType "swiss"]
[EventRounds "9"]
[EventCountry "ARG"]
[SourceTitle "EXT 2016"]
[Source "ChessBase"]
[SourceDate "2015.10.08"]
[SourceVersion "1"]
[SourceVersionDate "2015.10.08"]
[SourceQuality "1"]

1. c4 Nf6 2. Nf3 e6 3. e3 b6 4. b3 Bb7 5. Bb2 Be7 6. Be2 d6 7. 0-0 c5 8. Nc3 0-0 9. d4 Nbd7 10. d5 e5 11. e4 g6 12. Ne1 Ne8 13. Nd3 Ng7 14. a3 a6 15. b4 Rc8 16. bxc5 bxc5 17. Qa4 Rb8 18. Rab1 Nb6 19. Qb3 Bc8 20. Ba1 Bd7 21. Qa2 Na4 22. Nxa4 Bxa4 23. Rxb8 Qxb8 24. Rb1 Qc7 25. Qb2 Ra8 26. f4 f6 27. fxe5 fxe5 28. Qb7 Qxb7 29. Rxb7 Kf8 30. g4 Ne8 31. Bc3 Nf6 32. Nf2 Bd7 33. g5 Bc8 34. Rb6 Ne8 35. h4 Bd8 36. Rb1 Ke7 37. Ng4 Bxg4 38. Bxg4 Bc7 39. Rb7 Rb8 40. Rxb8 Bxb8 41. Bc8 Nc7 42. Ba5 Kf7 43. Kf2 Kg7 44. Ke3 Kf7 45. Bb7 Kg7 46. Kf3 Kf7 47. Kg4 Kg7 48. h5 Kf7 49. h6 Ke7 50. Bc8 Kf7 51. Kf3 Kf8 52. Bb6 Kf7 53. Ke3 Ke7 54. Kd3 Na8 55. Ba5 Bc7 56. Bd2 a5 57. Bb7 Nb6 58. Bxa5 Nxd5 59. Bxc7 Nxc7 60. Bc8 Na8 61. Kc3 Nb6 62. Bg4 Na8 63. Kb3 Nb6 64. a4 Na8 65. a5 Nc7 66. Ka4 Kd8 67. Bf5 1-0

[Event "ARG-ch U20"]
[Site "Argentina"]
[Date "2010.05.02"]
[Round "7"]
[White "Cuevas, Alex"]
[Black "Blanco, Marcos"]
[Result "1-0"]
[WhiteElo "2272"]
[BlackElo "2071"]
[PlyCount "81"]
[EventDate "2010.04.28"]
[EventType "swiss"]
[EventRounds "7"]
[EventCountry "ARG"]
[SourceTitle "EXT 2012"]
[Source "ChessBase"]
[SourceDate "2011.11.24"]
[SourceVersion "1"]
[SourceVersionDate "2011.11.24"]
[SourceQuality "1"]

1. Nf3 Nf6 2. b3 e6 3. Bb2 Be7 4. e3 b6 5. c4 Bb7 6. Be2 d6 7. d4 Nbd7 8. Nbd2 Ne4 9. Nxe4 Bxe4 10. Nd2 Bb7 11. Bf3 Qc8 12. e4 Bf6 13. Qe2 e5 14. d5 Qd8 15. Nf1 Qe7 16. Ne3 g6 17. g3 Bg7 18. Bg2 f6 19. h4 0-0-0 20. b4 Rhf8 21. Qc2 Kb8 22. a4 Bh6 23. Ng4 Bg7 24. Ne3 Bh6 25. Ng4 Bg7 26. Ne3 Bh6 27. Bc1 Rde8 28. Bh3 c6 29. Nf5 gxf5 30. Bxh6 fxe4 31. Bxf8 Rxf8 32. Qxe4 cxd5 33. cxd5 f5 34. Qe3 Bxd5 35. 0-0 Be6 36. Bg2 d5 37. Qd2 e4 38. Qf4+ Kb7 39. Rfc1 d4 40. Rc7+ Ka8 41. Bxe4+ 1-0